Nirvana in candrakirti 's prasannapada : (Record no. 42280)

MARC details
000 -LEADER
fixed length control field 00838nam a22002177a 4500
005 - DATE AND TIME OF LATEST TRANSACTION
control field 20100817121753.0
010 ## - LCCN (DPL NO)
LC control number ENG-100683
020 ## - INTERNATIONAL STANDARD BOOK NUMBER
International Standard Book Number 9788179860663
Terms of availability 200.00
020 ## - INTERNATIONAL STANDARD BOOK NUMBER
International Standard Book Number 8179860663
Terms of availability 200.00
035 ## - SYSTEM CONTROL NUMBER
System control number EN-84216
037 ## - SOURCE OF ACQUISITION
Source of stock number/acquisition DBAD/PUB
082 ## - DEWEY DECIMAL CLASSIFICATION NUMBER
Classification number 294.3423
100 ## - MAIN ENTRY--PERSONAL NAME
Personal name Nayak, G.C.
245 ## - TITLE STATEMENT
Title Nirvana in candrakirti 's prasannapada :
Remainder of title a study in the madhyamika concept of Indian thought /
Statement of responsibility, etc by D.C.Nayak
260 ## - PUBLICATION, DISTRIBUTION, ETC. (IMPRINT)
Place of publication, distribution, etc Shimla
Name of publisher, distributor, etc Indaian Institute Of Advanced Study
Date of publication, distribution, etc 2006
270 ## - ADDRESS
Address Rashtrapati Nivas
City Shimla
Postal code 171005
300 ## - PHYSICAL DESCRIPTION
Extent 107p.
Dimensions 22cm (Hb)
500 ## - GENERAL NOTE
General note Includes bibliographical references and index
942 ## - ADDED ENTRY ELEMENTS (KOHA)
Source of classification or shelving scheme Dewey Decimal Classification
Item type English Books
Classification part 294.3423
Call number suffix NAY
Holdings
Withdrawn status Lost status Not for loan Collection code Home library Current library Date acquired Source of acquisition Cost, normal purchase price Full call number Barcode Copy number Cost, replacement price Koha item type
    Not For Loan Non-fiction D.B.Act.Division D.B.Act.Division 17/08/2010 DBAD/PUB 200.00 294.3423 NAY EN-84216 1 200.00 English Books

© Delhi Public Library
Hit Counter
free hit counter